Statistics for Countries that Border Libya

Click here to take the quiz!

General Stats

  • This quiz has been taken 27 times
  • The average score is 6 of 6

Answer Stats

Country % Correct
Algeria
96%
Egypt
96%
Niger
96%
Chad
92%
Tunisia
92%
Sudan
88%

Score Distribution

Percentile by Number Answered

Percent of People with Each Score

Your Score History

You have not taken this quiz